000 00468nam a2200181Ia 4500
001 8926
005 20260306160645.0
008 260306t2011||||xx |||||||||||||| ||spa||
041 _aESP
082 _a371.926
_bM63
100 _aMiranda Casas, Ana
_eAUT
245 0 _aEvaluación e intervención psicoeducativa en dificultades de aprendizaje
260 _c2011
300 _a244 páginas :
_c24 cm.
650 _aGEN
654 _aCED
942 _cLIB
_dJUS
_fJUS
_2ddc
_n
999 _c8926
_d8926